000 00551nam a22001932 4500
001 0000006090
005 20151217145829.0
008 070913s xx 000 0 eng d
020 _cKES 300
040 _aKABU
_cKABU
100 1 _aRukwaru, Mutea.
_@0000157475
245 1 0 _aSuccessful time management :
_bthe challenge for modern manager.
260 _aMeru, Kenya :
_bEureka,
_c2006.
300 _axv, 64 p.
650 0 _aTime management.
_@0000151016
908 _a070913
950 _@1
999 _c3042
_d3042